000 02012nam a2200553 i 4500
001 21868
003 CZ PrNK
005 20260313140425.0
007 ta
008 230127s2023 xr a a 000 u cze
015 _acnb003442195
020 _a9788025633175
_q(vázáno)
035 _a(OCoLC)1372328944
040 _aABG001
_bcze
_erda
041 1 _acze
_heng
072 7 _a821-93-053.4
_xLiteratura pro nejmenší děti
_2Konspekt
080 _a821-93-053.4
_2MRF
080 _a636.1/.5
_2MRF
080 _a(0.025.2)
_2MRF
080 _a(0.029)
_2MRF
100 1 _aWilliams, Gareth,
_d1981-
_4ill
240 1 0 _aLittle baby learns - farm.
_lČesky
245 1 0 _aMalé dítě se učí - farma /
_cilustrace Gareth Williams
246 3 0 _aFarma
250 _aPrvní české vydání
264 1 _aPraha :
_bSvojtka & Co.,
_c2023
300 _a9 nečíslovaných stran :
_bbarevné ilustrace ;
_c27 cm +
_e12 dílků puzzle
336 _atext
_btxt
_2rdacontent
336 _astatický obraz
_bsti
_2rdacontent
337 _abez média
_bn
_2rdamedia
338 _asvazek
_bnc
_2rdacarrier
500 _aZ angličtiny přeložil Josef Vyskočil
500 _aKartonové listy
500 _aČástečně vlepeno v pevných deskách s magnetickým uzávěrem; dílky puzzle uloženy v plastovém pouzdře přilepeném k deskám knihy
520 2 _aKnížka s pevnými listy seznámí se zvířaty na farmě. Dílky puzzle přesně zapadnou na vyznačená místa v knížce.
521 8 _aPro děti od 1 roku
650 0 7 _ahospodářská zvířata
_2czenas
650 0 9 _alivestock
_2eczenas
655 7 _aleporela
_2czenas
655 7 _apuzzle
_2czenas
655 7 _apublikace pro nejmenší děti
_2czenas
655 9 _afolding picture-books
_2eczenas
655 9 _ajigsaw puzzles
_2eczenas
655 9 _apublications for small children
_2eczenas
700 1 _aVyskočil, Josef
_4trl
901 _b9788025633175
_f1. české vydání
_o20230202
910 _aABA001
942 _2ddc
_cKLDO
_n0
999 _c21868
_d21868